SMALL GAS ENGINES,FUNDAMENTALS SERVICE TROUBLESHOOTING REPAIRS (Record no. 580378)

000 -LEADER
fixed length control field 00451nam a22001457a 4500
020 ## - INTERNATIONAL STANDARD BOOK NUMBER
International Standard Book Number 0-87006-326-X
082 ## - DEWEY DECIMAL CLASSIFICATION NUMBER
Classification number 629.25 ROT'S
100 ## - MAIN ENTRY--PERSONAL NAME
Personal name ROTH, ALFRED C
9 (RLIN) 74874
245 ## - TITLE STATEMENT
Title SMALL GAS ENGINES,FUNDAMENTALS SERVICE TROUBLESHOOTING REPAIRS
260 ## - PUBLICATION, DISTRIBUTION, ETC.
Place of publication, distribution, etc. SOUTH HOLLAND
Name of publisher, distributor, etc. GOODHEART WILLCOX
Date of publication, distribution, etc. 1981
300 ## - PHYSICAL DESCRIPTION
Extent 232P
650 ## - SUBJECT ADDED ENTRY--TOPICAL TERM
Topical term or geographic name entry element INTERNAL COMBUSTION ENGINES SPARK IGNITION JUVENILE LITERATURE
9 (RLIN) 74875
700 ## - ADDED ENTRY--PERSONAL NAME
Personal name BAIRD, RONALD
9 (RLIN) 74876
942 ## - ADDED ENTRY ELEMENTS (KOHA)
Koha item type Book
Holdings
Withdrawn status Lost status Damaged status Not for loan Permanent Location Current Location Shelving location Date acquired Total Checkouts Full call number Barcode Date last seen Price effective from Koha item type
        College of Electrical & Mechanical Engineering (CEME) College of Electrical & Mechanical Engineering (CEME) General Stacks 02/21/2017   629.25 ROT'S CEME-19225 06/28/2021 06/28/2021 Book
© 2023 Central Library, National University of Sciences and Technology. All Rights Reserved.